| 000 | 00871nam a22002777a 4500 | ||
|---|---|---|---|
| 001 | 9205 | ||
| 003 | FISKH | ||
| 005 | 20251201160913.0 | ||
| 008 | 251201b cb ||||| |||| 00| 0 eng d | ||
| 020 | _a9780440842361 | ||
| 040 |
_aFISKH _beng _cFISKH _dFISKH |
||
| 050 | _aPS3566.R36 A6 | ||
| 082 | _a811.54 | ||
| 100 |
_aPrelutsky, Jack _eAuthor |
||
| 245 |
_aZoo doings : _bAnimals poems / _cby Jack Prelutsky ; Pictures by Paul O. Zelinsky |
||
| 260 |
_aNew York : _bBantam Doubleday Dell Publishing Group Inc. , _c1983 |
||
| 300 |
_a78 pages : _billustrations ; _c21 cm |
||
| 505 | _aJ | ||
| 520 | _aA collection of forty-six animal poems. | ||
| 521 | 8 |
_a450
_bLexile estimate |
|
| 521 | 8 |
_aJ
_bRaz-Plus |
|
| 650 |
_aPoetry about different animals _vPoetry and Humor |
||
| 700 |
_aZelinsky, Paul O. _eIllustrator |
||
| 942 |
_2ddc _cBK _n0 |
||
| 999 |
_c9205 _d9205 |
||